States' Order of Admission into the USA - Statistics

General Stats
  • This quiz has been taken 401 times
  • The average score is 25 of 50
Answer Stats
# Date of Admission Answer % Correct
1 December 7, 1787 Delaware
91%
2 December 12, 1787 Pennsylvania
80%
3 December 18, 1787 New Jersey
75%
50 August 21, 1959 Hawaii
73%
49 January 3, 1959 Alaska
71%
5 January 9, 1788 Connecticut
64%
4 January 2, 1788 Georgia
64%
6 February 6, 1788 Massachusetts
63%
11 July 26, 1788 New York
63%
7 April 28, 1788 Maryland
61%
8 May 23, 1788 South Carolina
61%
10 June 25, 1788 Virginia
60%
9 June 21, 1788 New Hampshire
59%
12 November 21, 1789 North Carolina
59%
13 May 29, 1790 Rhode Island
59%
14 March 4, 1791 Vermont
59%
48 February 14, 1912 Arizona
58%
17 March 1, 1803 Ohio
55%
47 January 6, 1912 New Mexico
53%
15 June 1, 1792 Kentucky
52%
16 June 1, 1796 Tennessee
50%
18 April 30, 1812 Louisiana
49%
46 November 16, 1907 Oklahoma
49%
19 December 11, 1816 Indiana
48%
31 September 9, 1850 California
47%
23 March 19, 1820 Maine
46%
20 December 10, 1817 Mississippi
46%
28 December 29, 1845 Texas
46%
45 January 4, 1896 Utah
46%
22 December 14, 1819 Alabama
45%
21 December 3, 1818 Illinois
45%
43 July 3, 1890 Idaho
42%
24 August 10, 1821 Missouri
42%
35 June 20, 1863 West Virginia
42%
36 October 31, 1864 Nevada
41%
44 July 10, 1890 Wyoming
41%
25 June 15, 1836 Arkansas
40%
26 January 26, 1837 Michigan
40%
41 November 8, 1889 Montana
40%
38 August 1, 1876 Colorado
39%
39 November 2, 1889 North Dakota
39%
40 November 2, 1889 South Dakota
39%
27 March 3, 1845 Florida
38%
34 January 29, 1861 Kansas
38%
33 February 14, 1859 Oregon
38%
29 December 28, 1846 Iowa
37%
42 November 11, 1889 Washington
37%
30 May 29, 1848 Wisconsin
37%
37 March 1, 1867 Nebraska
35%
32 May 11, 1858 Minnesota
34%
No matching quizzes found
Score Distribution
Percent of People with Each Score
Percentile by Number Answered
Your Score History
You have not taken this quiz